Historia de Italia (Record no. 168154)
[ view plain ]
| 000 -LEADER | |
|---|---|
| campo de control de longitud fija | 01069nam a22002415i 4500 |
| 001 - NÚMERO DE CONTROL | |
| campo de control | 168154 |
| 003 - IDENTIFICADOR DE NÚMERO DE CONTROL | |
| campo de control | ES-MaACL |
| 005 - FECHA Y HORA DE LA ÚLTIMA TRANSACCIÓN | |
| campo de control | 20251003063150.0 |
| 008 - DATOS DE LONGITUD FIJA--INFORMACIÓN GENERAL | |
| campo de control de longitud fija | 970829s1858 sp a |||| | spa d |
| 040 ## - FUENTE DE CATALOGACIÓN | |
| Centro catalogador/agencia de origen | AR |
| Lengua de catalogación | spa |
| Centro/agencia transcriptor | AR |
| 100 1# - ENTRADA PRINCIPAL--NOMBRE DE PERSONA | |
| Nombre de persona | Zeller, Jules, |
| Fechas asociadas al nombre | 1819-1900 |
| 9 (RLIN) | 134032 |
| 245 10 - MENCIÓN DEL TÍTULO | |
| Título | Historia de Italia |
| Resto del título | : desde la invasion de los barbaros hasta nuestros dias / |
| Mención de responsabilidad, etc. | por Julio Zeller ; traducida por Juan Belza. |
| 260 ## - PUBLICACIÓN, DISTRIBUCIÓN, ETC. | |
| Lugar de publicación, distribución, etc. | Madrid : |
| Nombre del editor, distribuidor, etc. | Librería Española ; |
| Lugar de publicación, distribución, etc. | Barcelona : |
| Nombre del editor, distribuidor, etc. | Plus Ultra, |
| Fecha de publicación, distribución, etc. | 1858 ( |
| Lugar de fabricación/manufactura | Barcelona : |
| Fabricante | Imp. de Narciso Ramirez) |
| 300 ## - DESCRIPCIÓN FÍSICA | |
| Extensión | 2 v. (XXVI, 410, [4 h. de lám.] ; 353 p, [4] h. de lám.) : |
| Otras características físicas | il. ; |
| Dimensiones | 21 cm. |
| 490 1# - MENCIÓN DE SERIE | |
| Mención de serie | Maravillas |
| 500 ## - NOTA GENERAL | |
| Nota general | Edición de "La Maravilla" sociedad editorial dirigido por D. Miguel de Rialp. |
| 599 ## - NOTA A LAS ILUSTRACIONES | |
| NOTA A LAS ILUSTRACIONES | Las h. de lám. son fotograbados y representan paisajes de Italia y escenas de su historia. |
| 651 #4 - PUNTO DE ACCESO ADICIONAL DE MATERIA--NOMBRE GEOGRÁFICO | |
| Nombre geográfico | Italia- |
| Subdivisión general | Historia. |
| 9 (RLIN) | 8866 |
| 700 1# - ENTRADA AGREGADA--NOMBRE PERSONAL | |
| Nombre de persona | Belza, Juan, |
| Fechas asociadas al nombre | 1819-1888 |
| 9 (RLIN) | 125905 |
| 830 0# - PUNTO DE ACCESO ADICIONAL DE SERIE-TÍTULO UNIFORME | |
| Título uniforme | Maravillas |
| 9 (RLIN) | 222680 |
| 852 ## - LOCALIZACIÓN | |
| Ubicación | ES-MaACL |
| Número de control de estantería | D-1216-17 |
| Nota libre | -- Enc. tela |
| Estatus retirado | Estado de pérdida | Estado de daño | No para préstamo | Colección | Biblioteca de origen | Biblioteca actual | Ubicación en estantería | Fecha de adquisición | Total de préstamos | Signatura topográfica completa | Código de barras | Visto por última vez | Precio de reemplazo | Tipo de ítem Koha |
|---|---|---|---|---|---|---|---|---|---|---|---|---|---|---|
| Libros del s. XIX | Biblioteca del Ateneo de Madrid | Biblioteca del Ateneo de Madrid | Sala Valle Inclán | 17/01/2008 | D-1216-17 | 901176437 | 23/02/2023 | 23/02/2023 | Libro impreso antiguo |
